| 000 | 00000nam 2200000za 4500 |
| 001 | 9.642292 |
| 003 | CaOODSP |
| 005 | 20210624223629 |
| 007 | cr ||||||||||| |
| 008 | 150407s1997 onc|||||o f|0| 0 fre d |
| 040 | |aCaOODSP|bfre |
| 043 | |an-cn--- |
| 086 | 1 |aRC31-3/1997F-PDF |
| 110 | 1 |aCanada.|bCommission des revendications des Indiens. |
| 245 | 10|aCommission des revendications des Indiens, guide d'information |h[ressource électronique]. |
| 250 | |aRévision. |
| 260 | |aOttawa : |bCommission des revendications des Indiens , |c1997. |
| 300 | |a14 p. |
| 590 | |a13-18-Supp|b2013-08-01 |
| 691 | 07|aRésolution de conflit|2gcpds |
| 691 | 07|aRevendication territoriale|2gcpds |
| 691 | 07|aTerres autochtones|2gcpds |
| 775 | 08|tIndian Claims Commission information guide |w(CaOODSP)9.698280 |
| 776 | 0#|tInformation guide |w(CaOODSP)9.659509 |
| 776 | 0#|tGuide d'information |w(CaOODSP)9.659510 |
| 794 | |tCommission des revendications des Indiens, guide d'information |w(CaOODSP)9.631334 |
| 856 | 40|ahttp://publications.gc.ca|qPDF|s76 Ko|uhttps://publications.gc.ca/collections/Collection/RC31-3-1997F.pdf |